000
00300nam a22001337a 4500
008
180315b xxu||||| |||| 00| 0 eng d
020
_a
9780471614432
041
_a
eng
080
_a
51
100
_a
37
101
_a
MAT
245
_a
Precalculus a prelude to calculus
_c
Axler,Sh
942
_2
udc
_c
BK
999
_c
45098
_d
45098